000 00549cam a2200145 4500500
005 20260208002417.0
041 _afre
042 _adc
100 1 0 _avan Woerkens, Martine
_eauthor
245 0 0 _aMeera Kosambi, Crossing Threshholds. Feminist Essays in Social History., Ranikhet, Permanent Black, 2007, 397 p., bibl., index, fig.
260 _c2008.
500 _a14
786 0 _nL'Homme | 187-188 | 3 | 2008-10-01 | p. 469b-549b | 0439-4216
856 4 1 _uhttps://shs.cairn.info/revue-l-homme-2008-3-page-469b?lang=fr&redirect-ssocas=7080
999 _c1646195
_d1646195